书目信息 |
| 题名: |
环境工程实验
|
|
| 作者: | 章非娟 , 徐竟成 主编 | |
| 分册: | ||
| 出版信息: | 北京 高等教育出版社 2006.01 |
|
| 页数: | 348页 | |
| 开本: | 23cm | |
| 丛书名: | ||
| 单 册: | ||
| 中图分类: | X5-33 | |
| 科图分类: | ||
| 主题词: | 环境工程--huan jing gong cheng--实验--高等学校--教材 | |
| 电子资源: | ||
| ISBN: | 7-04-017781-1 | |
| 000 | 01123nam0 2200277 450 | |
| 001 | 012006075950 | |
| 005 | 20061128150123.76 | |
| 010 | @a7-04-017781-1@dCNY25.90 | |
| 100 | @a20061008d2006 km y0chiy0120 ea | |
| 101 | 0 | @achi |
| 102 | @aCN@b110000 | |
| 105 | @aa a 000yy | |
| 200 | 1 | @a环境工程实验@Ahuan jing gong cheng shi yan@f章非娟, 徐竟成主编@Fzhang fei juan,xu jing cheng zhu bian |
| 210 | @a北京@c高等教育出版社@d2006.01 | |
| 215 | @a348页@c图@d23cm | |
| 300 | @a高等学校教材 | |
| 312 | @a英文并列题名取自封面 | |
| 320 | @a有书目 (第347-348页) | |
| 330 | @a全书由三篇组成。第一篇是实验设计、误差与数据处理;第二篇是实验教学篇,包括水污染控制工程、固体废弃物处理与资源化、大气污染控制和环境噪声控制、环境化学实验。该篇详细介绍了42个实验项目;第三篇体现了当前高等教育教学改革和数字模拟技术对实验的进一步要求。 | |
| 510 | 1 | @aEnvironmental engineering experiments@zeng |
| 606 | 0 | @a环境工程@Ahuan jing gong cheng@x实验@x高等学校@j教材 |
| 690 | @aX5-33@v4 | |
| 701 | 0 | @a章非娟@Azhang fei juan@4主编 |
| 701 | 0 | @a徐竟成@Axu jing cheng@4主编 |
| 801 | 0 | @aCN@c20061128 |
| 905 | @a10447@dX5-33@eZ260 | |
| 环境工程实验/章非娟, 徐竟成主编.-北京:高等教育出版社,2006.01 |
| 348页:图;23cm |
| 高等学校教材 |
| ISBN 7-04-017781-1:CNY25.90 |
| 全书由三篇组成。第一篇是实验设计、误差与数据处理;第二篇是实验教学篇,包括水污染控制工程、固体废弃物处理与资源化、大气污染控制和环境噪声控制、环境化学实验。该篇详细介绍了42个实验项目;第三篇体现了当前高等教育教学改革和数字模拟技术对实验的进一步要求。 |
| ● |
| 相关链接 |
|
|
|
正题名:环境工程实验
索取号:X5-33/Z260
 
预约/预借
| 序号 | 登录号 | 条形码 | 馆藏地/架位号 | 状态 | 备注 |
| 1 | 222723 | 202227232 | 自科库501/501自科库 98排1列4层/ [索取号:X5-33/Z260] | 在馆 | |
| 2 | 222724 | 202227241 | 自科库501/501自科库 98排1列4层/ [索取号:X5-33/Z260] | 在馆 | |
| 3 | 222725 | 202227250 | 自科库501/501自科库 98排1列4层/ [索取号:X5-33/Z260] | 在馆 |